All neighborhoods of St Louis - Statistics

General Stats
  • This quiz has been taken 29 times
  • The average score is 15 of 79
Answer Stats
Answer % Correct
Central West End
64%
Downtown
64%
Midtown
64%
Soulard
57%
Dutchtown
50%
JeffVanderLou
50%
Tower Grove East
50%
Tower Grove South
50%
Benton Park
43%
Shaw
43%
St.Louis Hills
43%
The Hill
43%
West End
43%
Carondelet
36%
Holly Hills
36%
Benton Park west
29%
Bevo Mill
29%
Botanical Heights
29%
DeBalivier
29%
Downtown West
29%
Forest Park Southeast
29%
Greater Ville
29%
Old north St. Louis
29%
Princeton Heights
29%
The Ville
29%
Wells
29%
Clayton-tamm
21%
Fairground
21%
Fox Park
21%
Gravois Park
21%
Lafayette Square
21%
Mckinley Heights
21%
O'Fallon
21%
Peabody Darst Webbe
21%
Riverview
21%
Southwest Garden
21%
Baden
14%
Clifton Heights
14%
Grand Center
14%
Kingsway East
14%
Kingsway West
14%
North Hampton
14%
Patch
14%
Skinker-DeBaliviere
14%
Southampton
14%
Walnut Park East
14%
Walnut Park West
14%
Boulevard Heights
7%
Cheltenham
7%
Columbus Square
7%
Ellendale
7%
Franz Park
7%
Kings Oak
7%
Kosciusko
7%
LaSalle Park
7%
Marine Villa
7%
Mark Twain
7%
North Riverfront
7%
The Gate District
7%
Vandeventer
7%
Wydown
7%
Carr Square
0%
College Hill
0%
Compton Heights
0%
Fountain Park
0%
Hamilton Heights
0%
Hi-Pionte
0%
Hyde Park
0%
Lewis Place
0%
Linderwood Park
0%
Mark Twain-I-70 Industrial
0%
Mount Pleasant
0%
Near North Riverfront
0%
North Point
0%
Penrose
0%
Sherman Park
0%
St.Louis Place
0%
Tiffany
0%
Visitation Park
0%
No matching quizzes found
Score Distribution
Percent of People with Each Score
Percentile by Number Answered
Your Score History
You have not taken this quiz